| 000 | 00822nam a2200193 a 4500 | ||
|---|---|---|---|
| 005 | 20140414093842.0 | ||
| 008 | 081126s19uu xx 00 eng d | ||
| 020 | _a1-4166-0253-4 | ||
| 050 |
_aDVD 371 _bSIX 2005 |
||
| 100 | _aAssociation for Supervision and Curriculum Development | ||
| 245 |
_aA Six-step process for teaching vocabulary. / _cAssociation for Supervision and Curriculum Development. |
||
| 260 |
_aVa : _bAssociation for Supervision and Curriculum Development, _cc2005. |
||
| 300 | _a1DVD, | ||
| 520 | _aThis program demonstrates how teachers can use a six-step process recommended by Robert Marzano...to teach vocabulary in the elementary and secondary grades... | ||
| 650 |
_aEnglish language _xStudy and teaching. |
||
| 650 |
_aVocabulary _xStudy and teaching. |
||
| 942 | _cAVM | ||
| 999 |
_c109360 _d109360 |
||